000 01214nmc a2200397 a 4500
003 AR-BaBNM
005 20251128210052.0
008 011101s1994 ||||||||||||||000 | spa||
020 _a84-7432-508-0
040 _cAR-BaBNM
245 1 0 _aAprender a pensar, pensar en aprender
250 _a1ª ed.
260 _aBarcelona
_bGedisa
_c1994
300 0 _a286 p.
490 0 _aDebate socioeducativo
500 0 _aContiene índice de nombres p. 281-283
500 0 _aContiene índice temático p. 284-286
500 0 _aContiene referencias bibliográficas al final de cada capítulo
650 4 _aPSICOLOGIA DE LA EDUCACION
650 4 _aMETODOS DE ENSENANZA
650 4 _aDESARROLLO COGNOSCITIVO
650 4 _aDIDACTICA
650 4 _aPROCESO DEL PENSAMIENTO
650 4 _aTEORIA DE LA INTELIGENCIA
650 4 _aENSEÑANZA DE LA CIENCIA
650 4 _aENSENANZA DE LA FILOSOFIA
653 0 _aAPRENDER A APRENDER
653 0 _aESTRATEGIAS DIDACTICAS
653 0 _aNUEVAS TECNOLOGIAS
653 0 _aPSICOLOGIA COGNITIVA
700 1 _aMaclure, Stuart
_ecompilador
700 1 _aDavies, Peter
_ecompilador
800 1 _aTedesco, Juan Carlos
_edirector
942 _cBK
998 _cRaquel
999 _c13889
_d13889